Advances in catering technology

Gardado en:
Detalles Bibliográficos
Autor Principal: Glew, George (Author)
Formato: Libro
Idioma:inglés
Publicado: Londres Applied Science Publishers 1980
Subjects:
Tags: Engadir etiqueta
Sen Etiquetas, Sexa o primeiro en etiquetar este rexistro!

MARC

LEADER 00000nam a2200000 a 4500
001 UCR4881
003 CL-VaPUC
005 20230807171329.0
008 980320e19800000uk 1 eng d
082 0 4 |a 642  |b GLE  |2 21 
100 1 |a Glew, George  |e author  |9 618806 
245 1 0 |a Advances in catering technology 
260 |a Londres  |b Applied Science Publishers  |c 1980 
300 |a 492 p 
583 |a last modification  |c 19980320 00:00:00  |k Rodrigo Vera 
650 0 0 |a Alimentación colectiva   |9 589212 
650 0 7 |a SERVICIOS ALIMENTICIOS  |2 CL-VaPUC  |9 405423 
650 0 0 |a Congresos  |9 257560 
650 0 7 |a CONTROL DE ALIMENTOS  |2 CL-VaPUC  |9 262967 
650 0 0 |a Nutrición   |9 259434 
942 |c BK 
945 |a crobeson  |d 19980320 00:00:00 
546 |a En Inglés 
536 |a Catering Reserch Unit of the University of Leeds 
518 |p International Symposium on Catering Systems Design, 2, Harrogate, 10 al 13 de septiembre de 1979 
999 |c 383119  |d 383117 
952 |0 0  |1 0  |4 0  |6 642_000000000000000_GLE_1980  |7 0  |8 A  |9 505135  |a BIBALI  |b BIBALI  |c GEN  |d 2020-01-23  |i 1967185  |o 642 GLE 1980  |p 1967185  |r 2025-01-20  |w 2020-01-23  |y BK  |k ALI 
952 |0 0  |1 0  |4 0  |6 642_000000000000000_GLE_1980  |7 0  |8 A  |9 505136  |a BIBALI  |b BIBALI  |c GEN  |d 2020-01-23  |i 1977113  |o 642 GLE 1980  |p 1977113  |r 2025-01-20  |w 2020-01-23  |y BK  |k ALI